| 000 | 00673nam a2200217 i 4500 | ||
|---|---|---|---|
| 001 | 102822 | ||
| 003 | ES-MaACL | ||
| 005 | 20251001142818.0 | ||
| 007 | t| | ||
| 008 | 051213q18601880sp ||||1| spa d | ||
| 080 | _a929 Espartero, Baldomero | ||
| 080 | _a9(460)"18" | ||
| 245 | 0 | 0 |
_aEspartero, su vida militar, política, descriptiva y anecdótica / _cpor D. M. H. y D. J. T. |
| 250 | _aNueva edición. | ||
| 260 |
_aBarcelona : _bEspasa Hermanos, _c[187-?] |
||
| 300 |
_a2 v. : _bil. ; _c24 cm. |
||
| 600 | 1 | 4 |
_aEspartero, Baldomero, _d1793-1879 _947778 |
| 651 | 7 |
_aEspaña- _xHistoria- _yS.XIX _2 _9142005 |
|
| 852 |
_aES-MaACL _jF-1223-24 |
||
| 999 |
_c102822 _d102822 |
||